<?xml version="1.0" encoding="UTF-8"?>
<record
    xmlns:xsi="http://www.w3.org/2001/XMLSchema-instance"
    xsi:schemaLocation="http://www.loc.gov/MARC21/slim http://www.loc.gov/standards/marcxml/schema/MARC21slim.xsd"
    xmlns="http://www.loc.gov/MARC21/slim">

  <leader>00685nam a2200169Ia 4500</leader>
  <controlfield tag="008">230410s9999    xx            000 0 und d</controlfield>
  <datafield tag="020" ind1=" " ind2=" ">
    <subfield code="a">9789508921604</subfield>
  </datafield>
  <datafield tag="100" ind1="1" ind2=" ">
    <subfield code="a">Kacero, Etel</subfield>
  </datafield>
  <datafield tag="245" ind1="1" ind2="0">
    <subfield code="a">Test Gest&#xE1;ltico Visomotor de Bender : una puesta en espacio de figuras</subfield>
    <subfield code="c">Kacero, Etel</subfield>
  </datafield>
  <datafield tag="260" ind1=" " ind2=" ">
    <subfield code="b">Lugar</subfield>
    <subfield code="c">2007</subfield>
    <subfield code="a">Buenos Aires</subfield>
    <subfield code="a">Argentina</subfield>
  </datafield>
  <datafield tag="300" ind1=" " ind2=" ">
    <subfield code="a">160</subfield>
  </datafield>
  <datafield tag="500" ind1=" " ind2=" ">
    <subfield code="a">BIOBLI -</subfield>
  </datafield>
  <datafield tag="521" ind1=" " ind2=" ">
    <subfield code="a">PSICOLOGIA</subfield>
  </datafield>
  <datafield tag="546" ind1=" " ind2=" ">
    <subfield code="a">ESPA&#xD1;OL</subfield>
  </datafield>
  <datafield tag="650" ind1=" " ind2="4">
    <subfield code="a">PSICOLOGIA -</subfield>
    <subfield code="x">TEST VISOMOTOR - GRAFISMOS - ACTO MOTOR - REPRESENTACION - COMPLEJIDAD - INVESTIGACION - EJES - BENDER EN ESPACIO - DEMIENSION PLASTICA - EJE ESPACIAL - TEMPORAL - KINETICO - VINCULAR - LOGICO - CASOS ESTUDIO -</subfield>
  </datafield>
  <datafield tag="999" ind1=" " ind2=" ">
    <subfield code="c">29106</subfield>
    <subfield code="d">29106</subfield>
  </datafield>
  <datafield tag="040" ind1=" " ind2=" ">
    <subfield code="a">AR-CtUCP</subfield>
  </datafield>
  <datafield tag="952" ind1=" " ind2=" ">
    <subfield code="0">0</subfield>
    <subfield code="1">0</subfield>
    <subfield code="4">0</subfield>
    <subfield code="7">0</subfield>
    <subfield code="a">FOR</subfield>
    <subfield code="b">FOR</subfield>
    <subfield code="c">Biblioteca</subfield>
    <subfield code="d">2023-04-14</subfield>
    <subfield code="e">COMPRA</subfield>
    <subfield code="l">0</subfield>
    <subfield code="o">159.9.072 KAC</subfield>
    <subfield code="p">18329</subfield>
    <subfield code="r">2023-04-14 00:00:00</subfield>
    <subfield code="t">6</subfield>
    <subfield code="w">2023-04-14</subfield>
    <subfield code="y">LIB</subfield>
  </datafield>
</record>
